Suomen pikaruokaravintolat - Statistics

Yleistilastot
  • Tätä visaa on pelattu 132 kertaa
  • Keskiarvotulos 6 / 12
Vastaustilastot
Hint Vastaus % Oikein
4 hesburger
100%
5 mcdonalds
100%
1 burger king
89%
10 subway
75%
11 taco bell
68%
12 kfc
54%
8 rolls
54%
7 pizza hut
37%
9 scanburger
24%
3 friends and brgrs
8%
2 fafas
6%
6 naughty brgr
4%
Ehtoja vastaavia visoja ei löytynyt
Tulosjakauma
Jokaisen tuloksen saaneiden osuus
Persentiili vastausten määrän mukaan
Tuloshistoriasi
Et ole pelannut tätä visaa